| 000 | 01613cam a2200445 a 4500 | ||
|---|---|---|---|
| 001 | 21935 | ||
| 003 | VRT | ||
| 005 | 20260314140106.0 | ||
| 008 | 240606s1994 xo dr 0000f slo | ||
| 015 | _aSNBA1994/04 | ||
| 020 | _a8006003793 | ||
| 035 | _aSNK000017560 | ||
| 039 | 9 |
_a202407251011 _bcsnk01 _c202407250859 _dAUTHORITY _c202406211335 _dAUTHORITY _c202406211251 _dAUTHORITY |
|
| 040 |
_aSNK _bslo _cSNK _eAACR2 |
||
| 041 | 1 |
_aslo _hger |
|
| 044 |
_axo _cSK |
||
| 072 | 7 |
_a821.112.2-3 _xNemecká próza, nemecky písaná _2konspekt |
|
| 072 | 7 |
_a821-93 _xLiteratúra pre deti a mládež (beletria) _2konspekt |
|
| 080 |
_a821.112.2-31 _22011 |
||
| 080 |
_a82-31 _22011 |
||
| 100 | 1 |
_aThüminger, Rosmarie, _d1939- _4aut |
|
| 240 | 1 | 0 |
_aJugend und Volk _lSlovensky |
| 245 | 1 | 0 |
_aRozhodnutie _cRosmarie Thümingerová ; preklad Marta Ličková |
| 250 | _a1. vyd. | ||
| 260 |
_aBratislava _bMladé letá _c1994 _eNitra _fNitrianske tlačiarne |
||
| 300 |
_a127 strán _c20 cm |
||
| 500 | _aPreložené z nemčiny | ||
| 655 | 7 |
_anemecky písané romány _2SNKPH |
|
| 655 | 7 |
_adievčenské romány _2SNKPH |
|
| 655 | 7 |
_aliteratúra pre mládež _2SNKPH |
|
| 700 | 1 |
_aLičková, Marta, _d1926- _4trl |
|
| 700 | 1 |
_aPopovič, Dávid, _d1967- _4bjd |
|
| 942 |
_2ddc _cKLDO _n0 |
||
| 949 |
_6270001000022271 _asvkbbA 85760 _bsvkbbm 584332 _p584.332 |
||
| 949 |
_617A0250492 _9P60, <05>, [BOOK], {605} _asnkSC 85470 D1 |
||
| 949 |
_617A0996313 _asnkSC 85470 |
||
| 949 |
_6273K0196104 _asvkpoA 162290 _bsvkpo399872 _oPV 2159/94 |
||
| 999 |
_c21935 _d21935 |
||